000
00470nam a2200169Ia 4500
008
090711s9999 xx 000 0 und d
082
_b
49484
100
_a
मंगेशकर गीता
245
_a
पतिव्रता
260
_c
1984
300
_a
200
600
_a
मंगेशकर गीता
630
_a
पतिव्रता
700
_a
मंगेशकर गीता
730
_a
पतिव्रता
942
_c
BOOK
999
_c
299951
_d
299951